00935cam a2200253 a 45000010009000000050017000090080041000260100017000670200023000840200023001070200020001300200020001500400018001700500034001881000019002222450044002412600049002853000033003345040066003676500040004336500025004738560092004988560091005901465745220180114020008.0061206s2007 caua b 001 0 eng  a 2006939847 a9781412935180 (hb) a9781412935197 (pb) a1412935180 (hb) a1412935199 (pb) aDLCcLCCdDLC00aLB 3051.H345 2007b.H345 20071 aHarlen, Wynne.10aAssessment of learning /cWynne Harlen. aLos Angeles, CA :bSAGE Publications,c2007. ax, 164 p. :bill. ;c24 cm. aIncludes bibliographical references (p. 149-157) and indexes. 0aEducational tests and measurements. 0aStudentsxRating of.413Table of contents onlyuhttp://www.loc.gov/catdir/enhancements/fy0714/2006939847-t.html423Publisher descriptionuhttp://www.loc.gov/catdir/enhancements/fy0714/2006939847-d.html